| 000 | 01484cas a22003251 4500 | ||
|---|---|---|---|
| 001 | 0000021413 | ||
| 005 | 20151217161201.0 | ||
| 008 | 120425c xxur p 0 0eng d | ||
| 022 | _a2077-9763 | ||
| 040 |
_aKABU _cKABU |
||
| 245 | 0 | 4 | _aThe East Africa Court of Appeal reports. |
| 260 |
_aNairobi : _bLawAfrica Publishing., _c1934-. |
||
| 300 | _av. | ||
| 500 | _aReprint 2010. | ||
| 650 | 0 |
_aLaw reports, digests, etc _xPeriodicals. _zAfrica, East. _@0000160858 |
|
| 650 | 0 |
_aPeriodicals _vDirectories. _@0000156691 |
|
| 710 | 2 |
_aCourt of Appeal for Eastern Africa. _@0000160859 |
|
| 852 | 1 | _9p90000 KES (set) | |
| 852 | 1 | _9p90000 KES (set) | |
| 852 | 1 | _9p90000 KES (set) | |
| 852 | 1 | _9p90000 KES (set) | |
| 852 | 1 | _9p90000 KES (set) | |
| 852 | 1 | _9p90000 KES (set) | |
| 852 | 1 | _9p90000 KES (set) | |
| 852 | 1 | _9p90000 KES (set) | |
| 852 | 1 | _9p90000 KES (set) | |
| 852 | 1 | _9p90000 KES (set) | |
| 908 | _a120425 | ||
| 950 | _@1 | ||
| 999 |
_c15267 _d15267 |
||